00437nam a2200121Ia 4500008004100000020001800041041000800059082003200067100004500099245012000144260004200264300000900306230411s9999 xx 000 0 und d a0-8036-0913-2 aeng aMS/610.73677/COX/HIN/B05572 aLubno M Tilley D Cox Helen & Hinz Mittie aClinical Applications Of Nursing Diagnosis : Adult child womens psychiatric gerontic and home health considerations bF A Davis CompanyaPhiladelphiac2002 a752p